Caracterización molecular de tilapia roja (Oreochromis sp) en el Valle del Cauca utilizando marcadores moleculares RAPD (Registro nro. 20306)
[ vista simple ]
| 000 -CABECERA | |
|---|---|
| Campo de control | 00878nam a22002417a 4500 |
| 005 - FECHA Y HORA DE LA ULTIMA TRANSACCION | |
| Campo de control | 20180823154425.0 |
| 008 - ELEMENTOS DE LONGITUD FIJA—INFORMACION GENERAL | |
| Campo de control | 180823b2004 ck |||||rm||| 00| 0 spa d |
| 040 ## - FUENTE DE CATALOGACIÓN | |
| Agencia catalogadora original | CO-BoIAVH |
| Agencia transcriptora | CO-BoIAVH |
| 041 ## - IDIOMA | |
| Código de idioma para texto/pista de sonido o título separado | Español |
| 044 ## - PAÍS DE PUBLICACIÓN | |
| País de publicación | Colombia |
| 090 ## - CLASIFICACIÓN LOCAL | |
| Colección | TE- |
| Consecutivo | 00210 |
| 100 1# - ASIENTO PRINCIPAL--NOMBRE PERSONAL | |
| Nombre personal | Torres Jaramillo, Julieta |
| Término relacionado | Autora |
| 9 (RLIN) | 101273 |
| 245 10 - MENCION DE TITULO | |
| Título | Caracterización molecular de tilapia roja (Oreochromis sp) en el Valle del Cauca utilizando marcadores moleculares RAPD |
| 260 ## - PUBLICACION, DISTRIBUCION, ETC. (PIE DE IMPRENTA) | |
| Lugar de publicación, distribución, etc. | Palmira, Valle: |
| Nombre del editor, distribuidor, etc. | Universidad Nacional de Colombia, |
| Fecha de publicación, distribución, etc. | 2004. |
| 300 ## - DESCRIPCION FISICA | |
| Extensión | 95 páginas |
| 502 ## - NOTA DE TESIS | |
| Nota de tesis | Trabajo de grado para optar al título de zootecnista |
| 650 ## - ASIENTO SECUNDARIO DE MATERIA - TERMINO TEMATICO | |
| Término temático o nombre geográfico como elemento de entrada | Tilapia roja |
| 9 (RLIN) | 101274 |
| 650 ## - ASIENTO SECUNDARIO DE MATERIA - TERMINO TEMATICO | |
| Término temático o nombre geográfico como elemento de entrada | Marcadores molecules |
| 9 (RLIN) | 101275 |
| 700 1# - ASIENTO SECUNDARIO - NOMBRE PERSONAL | |
| 9 (RLIN) | 101220 |
| Nombre personal | Muñoz, Jaime Eduardo |
| Término de relación | Director |
| 700 1# - ASIENTO SECUNDARIO - NOMBRE PERSONAL | |
| Nombre personal | Alvarez, Luz Angela |
| Término de relación | Co-directora |
| 9 (RLIN) | 101276 |
| 700 ## - ASIENTO SECUNDARIO - NOMBRE PERSONAL | |
| 9 (RLIN) | 4961 |
| Nombre personal | Palacio Mejia, Juan Diego |
| 942 ## - ELEMENTOS ADICIONALES (KOHA) | |
| Sistema de clasificación | Local |
| Tipo de ítem | Tesis |
| Withdrawn status | Lost status | Sistema de Clasificación | Damaged status | No para préstamo | Colección | Ubicación Permanente | Ubicación actual | Fecha de adquisición | Fuente de Valor | Valor | Total Checkouts | Número topográfico | Inventario / Código de Barras | Date last seen | Ejemplar | Price effective from | Forma de adquisición | Tipo de material |
|---|---|---|---|---|---|---|---|---|---|---|---|---|---|---|---|---|---|---|
| Local | Tesis | Bogotá | Bogotá | 23/08/2018 | Instituto | 60000.00 | TE-00210 | 043573 | 23/08/2018 | Ej. 1 | 23/08/2018 | Institucional | Tesis |